000 00904nam a2200217 i 4500
001 84804
003 ES-MaACL
005 20250714235653.0
007 t|
008 041124s1908 sp ||||1| spa d
100 1 _aJorge, Ricardo.
_966950
245 1 3 _aLa "Celestina" en Amato Lusitano :
_bcontribución al estudio de la famosa comedia /
_cpor Ricardo Jorge ; traducida directamente del portugués para la Revista "Nuevo tiempo" por el Dr. Federico Montaldo.
260 _aMadrid :
_b[s.n.],
_c1908 (
_fImp. Alemana)
300 _a13 p. ;
_c23 cm.
530 _aDisponible en formato digital.
600 1 4 _aRojas, Fernando de,
_dca. 1470-1541.
_tLa Celestina
_999043
700 1 _aMontaldo y Peró, Federico,
_d1859-1912
_982342
852 _aES-MaACL
_jT-1174-F-3
856 _uhttp://bdh-rd.bne.es/viewer.vm?id=0000144804&page=1
_zBiblioteca Digital Hispánica
999 _c84804
_d84804